000 00502nam a2200181Ia 4500
005 20250326143155.0
008 250326s9999 xx 000 0 und d
037 _aTextbook
040 _aFMSL
_beng
_cFMSL
041 _aeng
_2eng
084 _aX625:8D M0
_qFMSL
100 _aRao V G
245 0 _aAgricultural fice by commercial banks
_cRao V G; Malya P
260 _aNew Delhi
_bNew Delhi, Ashish
_c1980
300 _a220p
942 _cTB
_hX625:8D M0
999 _c1298446
_d1298446